|
|
|
|
| LEADER |
01041naa a2200205 i 4500 |
| 001 |
acta82962 |
| 005 |
20240111104104.0 |
| 008 |
240111s2018 hu o 1|| hun d |
| 040 |
|
|
|a SZTE Egyetemi Kiadványok Repozitórium
|b hun
|
| 041 |
|
|
|a hun
|
| 100 |
1 |
|
|a Csík Ádám Lajos
|
| 245 |
1 |
3 |
|a Az 1968-as Csehszlovák intervenció a Magyar Néphadsereg bevonult ezredeinek szemszögéből
|h [elektronikus dokumentum] :
|b [absztrakt] /
|c Csík Ádám Lajos
|
| 260 |
|
|
|c 2018
|
| 300 |
|
|
|a 48-49
|
| 490 |
0 |
|
|a Móra Kárpát-medencei Interdiszciplináris Szakkollégiumi Konferencia
|v 2
|
| 650 |
|
4 |
|a Bölcsészettudományok
|
| 650 |
|
4 |
|a Történettudomány és régészet
|
| 695 |
|
|
|a Csehszlovákia története - 1968 - előadáskivonat, Magyar Honvédség - előadáskivonat, Hadtörténet - magyar - 1968 - előadáskivonat
|
| 711 |
|
|
|a II. Móra Interdiszciplináris Kárpát-medencei Szakkollégiumi Konferencia
|c Szeged
|d 2018. november 30.-december 2.
|
| 856 |
4 |
0 |
|u http://acta.bibl.u-szeged.hu/82962/1/morakonf_2018_048-049.pdf
|z Dokumentum-elérés
|